[Event "Rheinhausen-ch 12th"]
[Site "Duisburg Rheinhausen"]
[Date "2008.01.25"]
[Round "3"]
[White "Grigat, Klaus Dieter"]
[Black "Engelke, Felix"]
[Result "1/2-1/2"]
[WhiteElo "1833"]
[BlackElo "1534"]
[PlyCount "75"]
[EventDate "2008.01.11"]
[EventType "swiss"]
[EventRounds "7"]
[EventCountry "GER"]
[SourceTitle "EXT 2018"]
[Source "ChessBase"]
[SourceDate "2017.10.13"]
[SourceVersion "1"]
[SourceVersionDate "2017.10.13"]
[SourceQuality "1"]

1. e4 e6 2. d4 d5 3. exd5 exd5 4. Nf3 Nf6 5. Nc3 Bg4 6. Be2 Bd6 7. Bg5 c6 8. Ne5 Bxe2 9. Qxe2 0-0 10. 0-0-0 Re8 11. f4 Nbd7 12. Qf3 Qa5 13. Qh3 Qc7 14. Rd3 Bb4 15. Rg3 Bxc3 16. Rxc3 Ne4 17. Qxd7 Qxd7 18. Nxd7 Nxc3 19. bxc3 b6 20. Bh4 Re4 21. Rf1 Re2 22. Ne5 Rxg2 23. Rf2 Rxf2 24. Bxf2 Rc8 25. Kd2 f6 26. Ng4 b5 27. Ne3 g6 28. Ng4 Kg7 29. Bh4 Rf8 30. Nf2 Kf7 31. Nd3 Ke6 32. Ke3 Kf5 33. Nc5 Kg4 34. Bg3 Re8+ 35. Kd2 Re7 36. Nd3 h5 37. Nf2+ Kf3 38. Nd3 1/2-1/2

[Event "SJNR-ch U14"]
[Site "Kranenburg"]
[Date "2005.01.06"]
[Round "7"]
[White "Michels, Rene"]
[Black "Engelke, Felix"]
[Result "0-1"]
[WhiteElo "1075"]
[BlackElo "1296"]
[PlyCount "109"]
[EventDate "2005.01.02"]
[EventType "swiss"]
[EventRounds "7"]
[EventCountry "GER"]
[SourceTitle "EXT 2007"]
[Source "ChessBase"]
[SourceDate "2006.11.23"]
[SourceVersion "1"]
[SourceVersionDate "2006.11.23"]
[SourceQuality "1"]

1. e4 e6 2. d4 d5 3. exd5 exd5 4. Bd3 Nf6 5. h3 Be7 6. Qf3 Nc6 7. Ne2 Nb4 8. Bd2 Nxd3+ 9. Qxd3 Be6 10. Nbc3 c6 11. 0-0 0-0 12. Rfe1 Bd6 13. Bf4 Qc7 14. Qg3 Bxf4 15. Qxf4 Qxf4 16. Nxf4 Bd7 17. Na4 b6 18. Re7 Rfe8 19. Rae1 Rxe7 20. Rxe7 Re8 21. Rxe8+ Bxe8 22. Nc3 Bd7 23. Kf1 Bf5 24. Nd3 Bxd3+ 25. cxd3 Kf8 26. f3 Nh5 27. Kf2 Nf4 28. Nd1 Nxd3+ 29. Ke3 Nb4 30. a3 Na6 31. Kf4 Ke7 32. Ne3 Nc7 33. Ng4 Ne6+ 34. Ke3 f6 35. h4 h5 36. Nf2 Kd6 37. g4 hxg4 38. fxg4 c5 39. dxc5+ Kxc5 40. Nd3+ Kc4 41. Nf4 d4+ 42. Ke4 Nxf4 43. Kxf4 Kd3 44. Kf5 Kc2 45. Kg6 d3 46. Kxg7 d2 47. h5 d1Q 48. h6 Qxg4+ 49. Kxf6 Qg8 50. Ke7 Qh7+ 51. Kd6 Qxh6+ 52. Kc7 Kxb2 53. Kb7 Kxa3 54. Ka6 b5+ 55. Ka5 0-1